000 00446nam a2200169 a 4500
001 4540
003 CO-ViMGA
008 141112s2004 ck r 000 u spa d
040 _aCO-ViMGA
_bspa
_cCO-ViMGA
082 0 4 _a780.1 S159
100 1 _aSalzer, Feliy
_955376
245 1 0 _aAudició estructural :
_bcoherencia tonal de la música
260 _aMexico :
_bLabor,
_c1990
300 _a655 p : il
650 1 4 _aMUSICA - TEORIA
942 _2ddc
_cBK
999 _c16550
_d16550